000 00614nam a2200277Ia 4500
005 20260324150959.0
008 008 260324s9999 xx 000 0 eng d
020 _a9780429443107
037 _aEBOOK
040 _aCRL
040 _beng
040 _cCRL
041 _2eng
041 _aeng
084 _qCRL
100 _aG. D. H. Cole
245 0 _aWorkshop Organisation
260 _bTaylor and Francis
260 _c1923
365 _a
365 _b205
856 _uhttp://www.taylorfrancis.com/books/9780429443107
942 _cEBOOK
999 _c1838664
_d1838664